Southville International School and Colleges
Your cart is empty.
  • Cart
  • Lists
    Public lists Eva Luna New books Lux_list list_1
    Your lists Log in to create your own lists
  • Log in to your account
  • Your cookies
  • Search history
Southville International School and Colleges
  • Advanced search
  • Recent comments
  • Most popular
  • Libraries

Log in to your account

Log in with GOOGLE


If you do not have an external account, but do have a local account, you can still log in:

  1. Home
  2. MARC view: The prophecies of Nostradamus /
Normal view MARC view ISBD view

The prophecies of Nostradamus / (Record no. 8509)

[ view plain ]
MARC details
000 -LEADER
fixed length control field 00510nam a22001817a 4500
003 - CONTROL NUMBER IDENTIFIER
control field OSt
005 - DATE AND TIME OF LATEST TRANSACTION
control field 20140310182027.0
008 - FIXED-LENGTH DATA ELEMENTS--GENERAL INFORMATION
fixed length control field 130814t xxu||||| |||| 00| 0 eng d
050 ## - LIBRARY OF CONGRESS CALL NUMBER
Classification number BF 1815
Item number .M984 1998
082 ## - DEWEY DECIMAL CLASSIFICATION NUMBER
Classification number HS 133.3092
Item number M88 1998
100 ## - MAIN ENTRY--PERSONAL NAME
Personal name Murthi, R.K.
9 (RLIN) 9999
245 ## - TITLE STATEMENT
Title The prophecies of Nostradamus /
Statement of responsibility, etc R.K. Murthi
260 ## - PUBLICATION, DISTRIBUTION, ETC. (IMPRINT)
Place of publication, distribution, etc Khari Baoli, Delhi :
Name of publisher, distributor, etc Pustak mahal,
Date of publication, distribution, etc c1998.
300 ## - PHYSICAL DESCRIPTION
Extent 160 p. :
Other physical details ill. ;
Dimensions 22 cm.
650 ## - SUBJECT ADDED ENTRY--TOPICAL TERM
Topical term or geographic name as entry element Nostradamus.
9 (RLIN) 10000
942 ## - ADDED ENTRY ELEMENTS (KOHA)
Source of classification or shelving scheme Library of Congress Classification
Koha item type
Holdings
Withdrawn status Lost status Source of classification or shelving scheme Damaged status Home library Current library Shelving location Date acquired Total Checkouts Full call number Barcode Date last seen Copy number Price effective from Koha item type
    Library of Congress Classification   Luxembourg Library Luxembourg Library High School Section 08/14/2013   BF 1815 .M984 1998 7400 06/13/2017 1 08/14/2013 Books

The prophecies of Nostradamus /

APA

Murthi R., . (1998). The prophecies of Nostradamus. Khari Baoli, Delhi: Pustak mahal.

Chicago

Murthi R.K, . 1998. The prophecies of Nostradamus. Khari Baoli, Delhi: Pustak mahal.

Harvard

Murthi R., . (1998). The prophecies of Nostradamus. Khari Baoli, Delhi: Pustak mahal.

MLA

Murthi R.K, . The prophecies of Nostradamus. Khari Baoli, Delhi: Pustak mahal. 1998.

  • Place hold
  • Print
  • Cite
  • Add to your cart (remove)
  • Save record
    BIBTEX Dublin Core MARCXML MARC (non-Unicode/MARC-8) MARC (Unicode/UTF-8) MARC (Unicode/UTF-8, Standard) MODS (XML) RIS
  • More searches
    Search for this title in:
    Other Libraries (WorldCat) Other Databases (Google Scholar) Online Stores (Bookfinder.com) Open Library (openlibrary.org)

Exporting to Dublin Core...

SOUTHVILLE LIBRARY

Southville International School and Colleges Library

1281 Tropical Ave. Cor. Luxembourg St., BF Homes International, Las Pinas City

Tel. No. 8256374 / 252358 Loc. 117/146

Powered by Koha